000 01282nam a2200349 i 4500
003 EG-GICUC
005 20260121101434.0
008 251206s2001 ua ||||fr|||| 000 0 ara d
017 _a2001/15029
020 _a977/04/3573/2
040 _a EG-GICUC
_bara
_c EG-GICUC
_d EG-GICUC
_erda
041 _aara
082 0 4 _221
_a343.46
_bع ب . س
092 0 4 _221
099 _aLaw1 10 343.46 ع ب . س 1 ed - 2001
100 0 _aعبدالله حسين علي محمود
_eمؤلف.
245 1 0 _aسرقة المعلومات المخزنة في الحاسب الآلي /
_cالدكتور عبدالله حسين علي محمود.
250 _aالطبعة الاولى
264 1 _aالقاهرة :
_bدار النهضة العربية،
_c2001.
300 _a457 صفحة ؛
_c24 سم
336 _2rda content
_atext
337 _2rda media
_aComputer
338 _2rda carrier
_aOnline Resource
504 _a. 448-421ببليوجرافيا: صفحات.
546 _aالنص باللغة العربية
650 1 4 _aالتشريعات المتعلقة بتقنية المعلومات
_2qrmak
650 1 4 _aالسرقة
651 1 _2qrmak
856 4 0 _uhttps://fll.law.cu.edu.eg/fulltext/bks/B0-06755.pdf
905 _a79
_eHassnaa
942 _2ddc
_cBK
_e21
_n0
999 _c48629
_d48629